000 00705nam a2200289Ia 4500
005 20260324121939.0
008 008 260324s9999 xx 000 0 eng d
020 _a9780429248610
037 _aEBOOK
040 _aCRL
040 _beng
040 _cCRL
041 _2eng
041 _aeng
084 _qCRL
100 _aDonald F. Sprague
_91164507
245 0 _aInvestigating Missing Children Cases
245 2 _bA Guide for First Responders and Investigators
260 _bTaylor and Francis
260 _c2013
365 _a
365 _b300
856 _uhttp://www.taylorfrancis.com/books/9780429248610
942 _cEBOOK
999 _c1756909
_d1756909